000 00783nam a22002537a 4500
005 20250321145709.0
008 250321b |||||||| |||| 00| 0 eng d
020 _a9780199656332
037 _cTB
040 _aLCT
_cLCT
041 _2eng
_aeng
_heng
084 _aZ(V:57) Q3
245 _aBlackstone's Statutes on Media Law/
250 _a4th ed.
260 _aOxford, U.K. :
_bOxford University Press,
_c2013
300 _aviii, 412p.
650 _aLaw
650 _aMedia Law
_9705309
650 _aBlackstone's Statutes
_9747419
650 _abroadcasting regulations
_9747420
700 _aCaddell, Richard
_eeditor
_9747421
700 _aJohnson, Howard
_eEditor
_9747422
942 _2CC
_cTB
_hZ(V:57) Q3
_n0
999 _c1269198
_d1269198